000 00828nab a2200241 u 4500
001 15308
003 HDC
007 cr bn ---aaaaa
008 210218c xx dr|noo 0 a eng d
040 _aHDC
245 0 _aHalal Expo Dubai opens doors to boost UAE's $20b imports
260 _a[No place] :
_b[publisher not identified],
_c[no date]
336 _atext
_2rdacontent
337 _acomputer
_2rdamedia
338 _aonline resource
_2rdacarrier
650 _aHalal food industry
_zDubai
_xCertification
_915569
650 _aInternational trade
_96954
710 _aDotemirates
856 _zRequest full-text at [email protected]
942 _2lcc
942 _cNEWS
942 _kNWSO 004228
999 _c12624
_d12624